000 00297nam a22001217a 4500
008 160430b xxu||||| |||| 00| 0 eng d
020 _a9781133609988
020 _a1133609988
041 _aeng
080 _a612.39
245 _aNutrition concepts controversies:
_cAlana D. Cline;
942 _2udc
_cBK
999 _c1713
_d1713